Electrical Machines, drives, and Power Systems (Record no. 6244)

MARC details
000 -LEADER
fixed length control field 00547nam a22002057a 4500
003 - CONTROL NUMBER IDENTIFIER
control field OSt
005 - DATE AND TIME OF LATEST TRANSACTION
control field 20190819155202.0
008 - FIXED-LENGTH DATA ELEMENTS--GENERAL INFORMATION
fixed length control field 190819b ||||| |||| 00| 0 eng d
020 ## - INTERNATIONAL STANDARD BOOK NUMBER
International Standard Book Number 9781292024585
040 ## - CATALOGING SOURCE
Transcribing agency DDC
082 ## - DEWEY DECIMAL CLASSIFICATION NUMBER
Classification number 621.31 WIL 2014
100 ## - MAIN ENTRY--PERSONAL NAME
Personal name Wildi, Theodore
9 (RLIN) 12838
245 ## - TITLE STATEMENT
Title Electrical Machines, drives, and Power Systems
250 ## - EDITION STATEMENT
Edition statement 6th ed.
260 ## - PUBLICATION, DISTRIBUTION, ETC. (IMPRINT)
Place of publication, distribution, etc. UK;
Name of publisher, distributor, etc. Pearson,
Date of publication, distribution, etc. 2014
300 ## - PHYSICAL DESCRIPTION
Extent iv,917p;
Other physical details ill:
Dimensions 28cm
504 ## - BIBLIOGRAPHY, ETC. NOTE
Bibliography, etc References, & index included
650 ## - SUBJECT ADDED ENTRY--TOPICAL TERM
Topical term or geographic name as entry element Electrical machines
9 (RLIN) 12839
942 ## - ADDED ENTRY ELEMENTS (KOHA)
Source of classification or shelving scheme Dewey Decimal Classification
Koha item type Book
Holdings
Withdrawn status Lost status Source of classification or shelving scheme Damaged status Not for loan Home library Current library Date acquired Source of acquisition Inventory number Total Checkouts Full call number Barcode Date last seen Koha item type
    Dewey Decimal Classification     MUST Main Library MUST Main Library 16/04/2026 Purchase 26/42537   621.31 WIL 2014 2026-0121 16/04/2026 Open Shelf
    Dewey Decimal Classification     MUST Main Library MUST Main Library 16/04/2026 Purchase 26/42538   621.31 WIL 2014 2026-0122 16/04/2026 Open Shelf
    Dewey Decimal Classification     MUST Main Library MUST Main Library 16/04/2026 Purchase 26/42577   621.31 WIL 2014 2026-0123 16/04/2026 Open Shelf
    Dewey Decimal Classification     Main Kihumuro Campus Main Kihumuro Campus 19/08/2019 Purchase 19/40698   621.31 WIL 2014 2019-0178 19/08/2019 Short Loan
    Dewey Decimal Classification     Main Kihumuro Campus Main Kihumuro Campus 19/08/2019 Purchase 19/40699   621.31 WIL 2014 2019-0179 19/08/2019 Short Loan
    Dewey Decimal Classification     Main Kihumuro Campus Main Kihumuro Campus 19/08/2019 Purchase 19/40700   621.31 WIL 2014 2019-0180 19/08/2019 Short Loan
    Dewey Decimal Classification     Main Kihumuro Campus Main Kihumuro Campus 19/08/2019 Purchase 19/40701   621.31 WIL 2014 2019-0181 19/08/2019 Short Loan
    Dewey Decimal Classification     Main Kihumuro Campus Main Kihumuro Campus 19/08/2019 Purchase 19/40702   621.31 WIL 2014 2019-0182 19/08/2019 Short Loan